Schriftentausch und Digitaler Medienwandel : eine empirische Untersuchung am Beispiel wissenschaftlicher Spezialbibliotheken
Saved in:
| Main Author: | |
|---|---|
| Other Authors: | |
| Document Type: | Thesis Book |
| Language: | German |
| Published: |
Berlin
: BibSpider
, [2017]
|
| Series: | Wiborada - Leipziger Schriften zur Bibliotheks- und Informationswissenschaft
Band 6 |
| Subjects: | |
| Online Access: | Inhaltsverzeichnis Inhaltsverzeichnis |
| Related Items: | Rezensiert in:
Schriftentausch und digitaler Medienwandel |
| Author Notes: | Christian Schmidt ; herausgegeben von Gerhard Hacker |
| LEADER | 04702cam a2200913 c 4500 | ||
|---|---|---|---|
| 001 | 873758072 | ||
| 003 | DE-627 | ||
| 005 | 20260618001918.0 | ||
| 007 | tu | ||
| 008 | 161205s2017 gw ||||| m 00| ||ger c | ||
| 015 | |a 17,N19 |2 dnb | ||
| 015 | |a 17,N19 |2 dnb | ||
| 016 | 7 | |a 1131370147 |2 DE-101 | |
| 020 | |a 9783936960983 |q Broschur : EUR 25.90 (DE), EUR 26.70 (AT) |9 978-3-936960-98-3 | ||
| 020 | |a 3936960984 |9 3-936960-98-4 | ||
| 024 | 3 | |a 9783936960983 | |
| 035 | |a (DE-627)873758072 | ||
| 035 | |a (DE-603)403930812 | ||
| 035 | |a (DE-576)488748933 | ||
| 035 | |a (DE-599)GBV873758072 | ||
| 035 | |a (OCoLC)986998420 | ||
| 035 | |a (OCoLC)986998420 | ||
| 040 | |a DE-627 |b ger |c DE-627 |e rda | ||
| 041 | |a ger | ||
| 044 | |c XA-DE-BE | ||
| 082 | 0 | |a 025.26 |q DE-101 |2 22/ger | |
| 082 | 0 | 4 | |a 020 |q DE-101 |
| 084 | |a AN 71500 |2 rvk |0 (DE-625)rvk/6255: | ||
| 084 | |a 06.41 |2 bkl | ||
| 084 | |a 06.53 |2 bkl | ||
| 100 | 1 | |8 1\p |a Schmidt, Christian |e VerfasserIn |0 (DE-588)1198891181 |0 (DE-627)1681047373 |4 aut | |
| 245 | 1 | 0 | |a Schriftentausch und Digitaler Medienwandel |b eine empirische Untersuchung am Beispiel wissenschaftlicher Spezialbibliotheken |c Christian Schmidt ; herausgegeben von Gerhard Hacker |
| 263 | |a 201705 | ||
| 264 | 1 | |a Berlin |b BibSpider |c [2017] | |
| 264 | 4 | |c © 2017 | |
| 300 | |a 167 Seiten |b Illustrationen, Diagramme |c 21 cm | ||
| 336 | |a Text |b txt |2 rdacontent | ||
| 337 | |a ohne Hilfsmittel zu benutzen |b n |2 rdamedia | ||
| 338 | |a Band |b nc |2 rdacarrier | ||
| 490 | 1 | |a Wiborada - Leipziger Schriften zur Bibliotheks- und Informationswissenschaft |v Band 6 | |
| 500 | |a Diese Veröffentlichung stellt die überarbeitete Fassung einer Bachelorarbeit dar, die im Jahr 2015 im Studiengang Bibliotheks- und Informationswissenschaft an der Hochschule für Technik, Wirtschaft und Kultur Leipzig, Fakultät Medien, eingereicht wurde | ||
| 502 | |b Bachelorarbeit |c Technik, Wirtschaft und Kultur Leipzig |d 2015 | ||
| 650 | 0 | 7 | |0 (DE-588)4179999-9 |0 (DE-627)105329223 |0 (DE-576)209995114 |a Schriftentausch |2 gnd |
| 650 | 0 | 7 | |0 (DE-588)4169187-8 |0 (DE-627)105411868 |0 (DE-576)209921099 |a Medien |2 gnd |
| 650 | 0 | 7 | |0 (DE-588)4234987-4 |0 (DE-627)104905603 |0 (DE-576)210385022 |a Wandel |2 gnd |
| 650 | 0 | 7 | |0 (DE-588)4182209-2 |0 (DE-627)105312274 |0 (DE-576)210009926 |a Spezialbibliothek |2 gnd |
| 655 | 7 | |a Hochschulschrift |0 (DE-588)4113937-9 |0 (DE-627)105825778 |0 (DE-576)209480580 |2 gnd-content | |
| 689 | 0 | 0 | |d s |0 (DE-588)4179999-9 |0 (DE-627)105329223 |0 (DE-576)209995114 |a Schriftentausch |2 gnd |
| 689 | 0 | 1 | |d s |0 (DE-588)4169187-8 |0 (DE-627)105411868 |0 (DE-576)209921099 |a Medien |2 gnd |
| 689 | 0 | 2 | |d s |0 (DE-588)4234987-4 |0 (DE-627)104905603 |0 (DE-576)210385022 |a Wandel |2 gnd |
| 689 | 0 | 3 | |d s |0 (DE-588)4182209-2 |0 (DE-627)105312274 |0 (DE-576)210009926 |a Spezialbibliothek |2 gnd |
| 689 | 0 | |5 DE-101 | |
| 689 | 1 | 0 | |d s |0 (DE-588)4179999-9 |0 (DE-627)105329223 |0 (DE-576)209995114 |a Schriftentausch |2 gnd |
| 689 | 1 | 1 | |d s |0 (DE-588)4169187-8 |0 (DE-627)105411868 |0 (DE-576)209921099 |a Medien |2 gnd |
| 689 | 1 | 2 | |d s |0 (DE-588)4234987-4 |0 (DE-627)104905603 |0 (DE-576)210385022 |a Wandel |2 gnd |
| 689 | 1 | 3 | |d s |0 (DE-588)4182209-2 |0 (DE-627)105312274 |0 (DE-576)210009926 |a Spezialbibliothek |2 gnd |
| 689 | 1 | |5 (DE-627) | |
| 700 | 1 | |a Hacker, Gerhard |d 1963- |e HerausgeberIn |0 (DE-588)1029978638 |0 (DE-627)734559895 |0 (DE-576)377804649 |4 edt | |
| 787 | 0 | 8 | |i Rezensiert in |a Flatow, Margot |t Schriftentausch und digitaler Medienwandel |d Düsseldorf : AKMB, 2017 |w (DE-627)1586455338 |w (DE-576)516455338 |
| 830 | 0 | |a Wiborada - Leipziger Schriften zur Bibliotheks- und Informationswissenschaft |v Band 6 |9 6 |w (DE-627)659355205 |w (DE-576)344505138 |w (DE-600)2609803-9 |x 2191-8759 |7 am | |
| 856 | 4 | 2 | |u http://d-nb.info/1131370147/04 |m B:DE-101 |q pdf/application |v 20170526003401 |x Verlag |3 Inhaltsverzeichnis |7 1 |
| 856 | 4 | 2 | |u https://d-nb.info/1131370147/04 |m B:DE-101 |q application/pdf |3 Inhaltsverzeichnis |7 1 |
| 883 | |8 1\p |a cgwrk |d 20241001 |q DE-101 |u https://d-nb.info/provenance/plan#cgwrk | ||
| 935 | |i Blocktest | ||
| 936 | r | v | |a AN 71500 |b Tausch |k Allgemeines |k Buch- und Bibliothekswesen, Informationswissenschaft |k Bibliothekswesen |k Erwerbung, Bestandsaufbau |k Erwerbungsarten |k Tausch |0 (DE-627)1270654489 |0 (DE-625)rvk/6255: |0 (DE-576)200654489 |
| 936 | b | k | |a 06.41 |j Wissenschaftliche Bibliotheken |0 (DE-627)10640279X |
| 936 | b | k | |a 06.53 |j Erwerbung |j Bestandsaufbau |x Bibliothekswesen, Dokumentationswesen |0 (DE-627)106402897 |
| 936 | s | n | |a a200 |2 mzub |
| 951 | |a BO | ||
| 990 | |a Schriftentausch | ||
| 990 | |a Medien | ||
| 990 | |a Wandel | ||
| 990 | |a Spezialbibliothek | ||
| 990 | |a Schriftentausch | ||
| 990 | |a Medien | ||
| 990 | |a Wandel | ||
| 990 | |a Spezialbibliothek | ||
| 991 | |a Rezensiertes Werk | ||
| 999 | |a KXP-PPN873758072 |e 4151666427 | ||


